Oxford English Dictionary / (Record no. 1703)

MARC details
000 -LEADER
fixed length control field 00508nam a2200169 a 4500
005 - DATE AND TIME OF LATEST TRANSACTION
control field 20260112063241.0
039 ## - LEVEL OF BIBLIOGRAPHIC CONTROL AND CODING DETAIL [OBSOLETE]
Level of rules in bibliographic description 201309121254
Level of effort used to assign nonsubject heading access points staff
-- 200908242252
-- staff
110 ## - MAIN ENTRY--CORPORATE NAME
Corporate name or jurisdiction name as entry element Oxford University Press.
245 ## - TITLE STATEMENT
Title Oxford English Dictionary /
Statement of responsibility, etc. Oxford.
250 ## - EDITION STATEMENT
Edition statement 2nd.ed Verson 3.1.1
260 ## - PUBLICATION, DISTRIBUTION, ETC.
Place of publication, distribution, etc. London :
Name of publisher, distributor, etc. Oxfod University Press ,
Date of publication, distribution, etc. 2007.
300 ## - PHYSICAL DESCRIPTION
Extent p. :
Dimensions cm.
710 ## - ADDED ENTRY--CORPORATE NAME
Corporate name or jurisdiction name as entry element Oxford University Press.
991 ## -
-- VIRTUA40
991 ## -
-- VTLSSORT0080*1100*2450*2500*2600*3000*7100*9992
909 ## -
-- 1729
Holdings
Withdrawn status Lost status Damaged status Not for loan Home library Current library Date acquired Total checkouts Barcode Copy number Koha item type
        Indian Institute Of Management, Shillong Indian Institute Of Management, Shillong 24/08/2009   CD0000001   CD/DVD
Copyright © 2026 Indian Institute of Management Shillong. All Rights Reserved.